| 000 | 03997cam a22005774i 4500 | ||
|---|---|---|---|
| 003 | PE-LiUPU | ||
| 005 | 20250731173049.0 | ||
| 008 | 170420s2016 oru rb 001 0 eng d | ||
| 020 | _z1498235050 | ||
| 020 | _z1498235077 | ||
| 020 | _z9781498235051 | ||
| 020 | _z9781498235075 | ||
| 035 | _a(Sirsi) 983398252 | ||
| 035 |
_a(OCoLC)983398252 _z(OCoLC)982846451 _z(OCoLC)983031158 _z(OCoLC)983646900 |
||
| 040 |
_aYDX _beng _erda _epn _cYDX _dOCLCO _dUBY _dPE-LiUPU |
||
| 049 | _aPRUA | ||
| 050 | 4 |
_aHQ767.25 _b.B44 2016 |
|
| 082 | 0 | 4 |
_a241.6976 _bB38 _223 |
| 100 | 1 |
_aBellinger, Charles K., _d1962-, _eautor. |
|
| 245 | 1 | 0 |
_aJesus v. abortion : _bthey know not what they do / _cCharles K. Bellinger. |
| 264 | 1 |
_aEugene, Oregon : _bCascade Books, _c2016. |
|
| 300 |
_axi, 340 páginas ; _c23 centímetros. |
||
| 336 |
_atext _2rdacontent |
||
| 337 |
_aunmediated _2rdamedia |
||
| 338 |
_avolume _2rdacarrier |
||
| 490 | 1 |
_aTheopolitical visions ; _v19 |
|
| 504 | _aBibliografía : páginas 323-336. | ||
| 504 | _aÍndice : páginas 337-340. | ||
| 505 | 0 | 0 |
_gPart One. _tUnderstand violence (and human rights) -- _g1. _tWhy are human beings violent? Examining the question and some answers -- _g2. _t"They hated me without a cause": Violence as resistance to growth in selfhood -- _g3. _t"If Satan casts out Satan, he is divided against himself": Violence as crowd phenomenon -- _g4. _t"You shall love God. . . and your neighbor as yourself": Violence as a rejection of balanced consciousness -- _gPart Two. _tArguments: superficial and deep -- _g5. _t"Which of these three, do you think, was a neighbor?": Jesus and the lawyers' question -- _g6. _t"Those who want to save their life will lose it": Kierkegaard vs. individualism -- _g7 . _t"Whoever welcomes one such child": maternity on leave -- _t"Will he find faith on the earth?": Eric Voegelin vs. Deicide and Homicide -- _g9. _t"I desire mercy not sacrifice": René Girard on Contemporary scapegoats -- _g10. _t"Why do you not notice the log in your own eye?": The deepest irony of nominalism -- _gPart Three. _tHistorical reenactments -- _g11. _t"The kings of the Gentiles lord it over them": Everyone struggles against tyranny -- that's our problem -- _g12. _t"I have the power to crucify you": Justice Blackmun = Pontius Pilate -- _g13. _t"Many gave false testimony": Pro-Choice historical revisionism -- _g14. "All who do evil hate the light": The Grand Inquisitor of Philadelphia -- _g15. _t"You are descendants of those who murdered the prophets": The slavery/Shoa analogy -- _g16. _t"We would not have taken part with them": Attempted refutations of the analogy -- _g17. _t"The blood of all the prophets will be charged against this generation": Analogies and reenactments -- _g18. _t"Whoever is not against us is for us": Beverly Mitchell, Paul Kahn, Simone Weil, Philip Rieff, Chantal Delsol, Giorgio Agamben, Julien Benda -- _gPart Four. _tThe way forward -- _g19. _t"There was a man who had two sons": Pro-life conversion stories -- _g20. _t"You must be born again": Saula of Tarsus -- _g21. _t"Be wise as serpents, but gentle as doves": Win the person, not the argument. |
| 526 | _aSEG42 | ||
| 526 | _aSEG41 | ||
| 526 | _aSEG40 | ||
| 526 | _aSEG39 | ||
| 526 | _aP94 | ||
| 526 | _aP87 | ||
| 526 | _aP86 | ||
| 526 | _aP85 | ||
| 526 | _aP77 | ||
| 526 | _aP76 | ||
| 526 | _aP35 | ||
| 600 | 1 |
_aJesucristo _xEnseñanzas. _9933 |
|
| 650 | 0 |
_aAborto _xCristianismo. |
|
| 650 | 0 |
_aAntropología teológica _xCristianismo. _93787 |
|
| 910 |
_adbm _bncf _cncf _d20180104 |
||
| 942 |
_2ddc _cBOOK |
||
| 949 |
_a241.6976 B38 _wDEWEY _c1 _i77805 _lCATALOGING _mBUL _p24.60 _r0 _sY _tBOOK _u2018-01-04 _xPOSGRADO _PP85 _0COMPRA _o.STAFF. Colección Teología. |
||
| 994 |
_aC0 _bPEPRU |
||
| 596 | _a1 | ||
| 999 |
_a241.6976 B38 _wDEWEY _c26550 _i77805 _f2021-11-10 _g4 _lCCODEBUL1 _mBUL _p24.60 _r0 _sY _tBOOK _u2018-1-4 _xTEOLOGIA _PP85 _0DONACION _o.STAFF. Colección Teología. _d26550 |
||
| 980 |
_81 _gALBERTO SANCHEZ Responsable de Automatización |
||